000 01049nam a2200277Ia 4500
003 OSt
005 20221005111455.0
006 a|||||r|||| 00| 0
007 ta
008 221004b |||||||| |||| 00| 0 hin d
020 _a8179440079 (hbk)
_cIndian Rupees 250
024 _a41099
037 _bGift, 09/01/2019,
_cTextual
040 _aCRL
_cCRL
_bhin
041 _2hin
_ahin
082 _aO152,1(Delta25):g, P2
100 _aमिश्र, रमेशचन्द्र, ले.
_9157331
245 0 _aसन्त साहित्य
_b प्रवाह
246 _aSanta sāhitya: pravāha
260 _aनई दिल्ली
_bसन्त साहित्य संस्थान भारत
_c2002
300 _a280पृ0
_ccm.
650 _a हिन्दी साहित्य
650 _aहिन्दी कविता
942 _hO152,1(Delta25):g, P2
_cTEXL
_2cc
999 _c1021945
_d1021945